LEADER 00894cam0-22003011i-450- 001 990006832920403321 005 20070702094422.0 035 $a000683292 035 $aFED01000683292 035 $a(Aleph)000683292FED01 035 $a000683292 100 $a20010426d1993----km-y0itay50------ba 101 0 $aeng 102 $aIT 105 $ay-------001yy 200 1 $aBritain and Latin America in the Nineteenth and Twentieth centuries$fRory Miller 210 $aLondon and New York$cLongman$d1993 215 $aXIV, 330 p.$d22 cm 225 1 $aStudies in modern history 676 $a337.4$v21$zita 700 1$aMiller,$bRory$0252726 801 0$aIT$bUNINA$gRICA$2UNIMARC 901 $aBK 912 $a990006832920403321 952 $aXI A 2423$b28947$fFSPBC 959 $aFSPBC 996 $aBritain and Latin America in the Nineteenth and Twentieth centuries$9626314 997 $aUNINA LEADER 00930nas 2200337 c 450 001 9910893708403321 005 20260218112012.0 035 $a(CKB)5280000000201852 035 $a(DE-599)ZDB2848894-5 035 $a(DE-101)1088419615 035 $a(DE-599)2848894-5 035 $a(EXLCZ)995280000000201852 100 $a20160308a20129999 |y | 101 0 $acze 135 $aur||||||||||| 181 $ctxt$2rdacontent 182 $cc$2rdamedia 183 $acr$2rdacarrier 200 00$aClavibus unitis$eCU$fNadace pro de?jiny kultury ve str?edni? Evrope? 210 31$aPraha$cNadace pro de?jiny kultury ve str?edni? Evrope?$d[2012]- 215 $aOnline-Ressource 517 3 $aCU 608 $aZeitschrift$2gnd-content 676 $a300 801 0$b0355 801 1$bDE-101 801 2$b9001 906 $aJOURNAL 912 $a9910893708403321 996 $aClavibus unitis$94269859 997 $aUNINA